[Event "Caribean-chT 24th"]
[Site "San Salvador"]
[Date "2023.07.06"]
[Round "11.2"]
[White "Cardoso Cardoso, Jose Gabriel"]
[Black "Leon Archibaldo, Orlando Andres"]
[Result "1-0"]
[WhiteElo "2484"]
[BlackElo "2229"]
[PlyCount "72"]
[EventDate "2023.07.06"]
[EventType "tourn"]
[EventRounds "15"]
[EventCountry "ESA"]
[SourceTitle "CBM 215 Extra"]
[Source "ChessBase"]
[SourceDate "2023.09.30"]
[SourceVersion "1"]
[SourceVersionDate "2023.09.30"]
[SourceQuality "1"]
[WhiteTeam "Colombia"]
[BlackTeam "Panama"]
[WhiteTeamCountry "COL"]
[BlackTeamCountry "PAN"]

1. d4 c5 2. d5 Nf6 3. Nc3 d6 4. e4 a6 5. a4 e6 6. Nf3 exd5 7. exd5 Bg4 8. Be2 Be7 9. 0-0 0-0 10. Nd2 Bxe2 11. Qxe2 Re8 12. Nc4 Bf8 13. Qf3 b6 14. Bf4 Qc7 15. h3 Nbd7 16. Qd3 Rab8 17. Qg3 Ne5 18. Bxe5 dxe5 19. Na3 c4 20. Rfe1 Bd6 21. Qf3 Qc5 22. Nab1 Rbd8 23. Nd2 Bf8 24. Rad1 Qb4 25. Nde4 Nxe4 26. Nxe4 Qxb2 27. Qf5 h6 28. d6 Qb4 29. Re3 Re6 30. d7 Qxa4 31. Rg3 Rxd7 32. Rxd7 Qxd7 33. Nf6+ Rxf6 34. Qxd7 Bc5 35. Qe8+ Kh7 36. Rf3 Rxf3 1-0

[Event "Olympiad-44"]
[Site "Chennai"]
[Date "2022.08.01"]
[Round "4.4"]
[White "Naser Eldean, Ahmed"]
[Black "Leon Archibaldo, Orlando Andres"]
[Result "0-1"]
[WhiteElo "1941"]
[BlackElo "2193"]
[PlyCount "72"]
[EventDate "2022.07.29"]
[EventType "team-swiss"]
[EventRounds "11"]
[EventCountry "IND"]
[SourceTitle "CBM 210"]
[Source "ChessBase"]
[SourceDate "2022.10.31"]
[SourceVersion "1"]
[SourceVersionDate "2022.10.31"]
[SourceQuality "1"]
[WhiteTeam "Libya"]
[BlackTeam "Panama"]
[WhiteTeamCountry "LBY"]
[BlackTeamCountry "PAN"]

1. Nf3 c5 2. g3 g6 3. Bg2 Bg7 4. 0-0 Nc6 5. e4 d6 6. d3 Nf6 7. Nc3 0-0 8. h3 Rb8 9. a4 a6 10. Be3 b5 11. axb5 axb5 12. Ne2 Nd7 13. c3 Nde5 14. Nxe5 Nxe5 15. f4 Nd7 16. g4 b4 17. f5 bxc3 18. bxc3 Rb2 19. Bc1 Rb8 20. Ra3 Bb7 21. Nf4 Ra8 22. fxg6 hxg6 23. Rxa8 Qxa8 24. Qb3 Ne5 25. d4 c4 26. Qc2 Nd3 27. Nxd3 cxd3 28. Qxd3 Ba6 29. c4 Qc8 30. Qd1 Qxc4 31. Be3 Rb8 32. d5 Qc3 33. Rf3 Rb2 34. Bc1 Qc5+ 35. Be3 Qb4 36. Kh2 Be2 0-1

[Event "Online Olym Div3 E"]
[Site "Chess.com INT"]
[Date "2020.08.09"]
[Round "8.4"]
[White "Leon Archibaldo, Orlando Andres"]
[Black "Araujo Sanchez, Josue"]
[Result "0-1"]
[WhiteElo "2220"]
[BlackElo "2337"]
[PlyCount "128"]
[EventDate "2020.08.07"]
[EventType "team-tourn (rapid)"]
[EventRounds "9"]
[EventCountry "USA"]
[SourceTitle "CBM 198"]
[Source "ChessBase"]
[SourceDate "2020.10.31"]
[SourceVersion "1"]
[SourceVersionDate "2020.10.31"]
[SourceQuality "1"]
[WhiteTeam "Panama"]
[BlackTeam "Dominican Republic"]
[WhiteTeamCountry "PAN"]
[BlackTeamCountry "DOM"]

1. d4 Nf6 2. Nf3 d5 3. Bf4 c5 4. e3 Nc6 5. c3 Qb6 6. Qb3 c4 7. Qc2 Bg4 8. Nbd2 e6 9. Be2 Be7 10. 0-0 0-0 11. h3 Bf5 12. Qc1 h6 13. b3 cxb3 14. axb3 Rfc8 15. Qb2 Nb4 16. Ne5 Nc6 17. Rfc1 Nxe5 18. Bxe5 Ne4 19. Nxe4 Bxe4 20. Qa2 Rc6 21. c4 Bb4 22. Qb2 Qd8 23. c5 a5 24. Bb5 Rcc8 25. Ra4 Qg5 26. Bg3 Qg6 27. Rca1 h5 28. h4 Bd3 29. Bxd3 Qxd3 30. Qa2 Ra6 31. Qb1 Qxb1+ 32. Rxb1 Rac6 33. Ra2 b6 34. cxb6 Rxb6 35. Bf4 Rbc6 36. Kh2 f6 37. Kg3 Kf7 38. Kf3 Kg6 39. Bg3 Kf5 40. Bf4 Rc2 41. Rbb2 R2c3 42. Rb1 e5 43. dxe5 fxe5 44. Bg5 e4+ 45. Kg3 d4 46. Kh2 Bd6+ 47. g3 d3 48. Rxa5+ Kg4 49. Kg2 R8c5 50. Rxc5 Bxc5 51. b4 Bb6 52. b5 Kf5 53. Be7 Rc2 54. Bb4 Bxe3 55. Ba5 Rxf2+ 56. Kh3 Ra2 57. Bc7 Bc5 58. b6 e3 59. b7 Ba7 60. b8Q Bxb8 61. Bxb8 e2 62. Bf4 d2 63. Rb5+ Ke4 64. Re5+ Kf3 0-1

[Event "Titled Tuesday intern op 26th May"]
[Site "Chess.com INT"]
[Date "2020.05.26"]
[Round "6"]
[White "Kavyev, Ruslan"]
[Black "Leon Archibaldo, Orlando Andres"]
[Result "1-0"]
[WhiteElo "2327"]
[BlackElo "2220"]
[PlyCount "59"]
[EventDate "2020.05.26"]
[EventType "swiss (blitz)"]
[EventRounds "10"]
[EventCountry "USA"]
[SourceTitle "CBM 196 Extra"]
[Source "ChessBase"]
[SourceDate "2020.07.31"]
[SourceVersion "1"]
[SourceVersionDate "2020.07.31"]
[SourceQuality "1"]

1. e4 c5 2. Nf3 d6 3. d4 cxd4 4. Nxd4 Nf6 5. Nc3 a6 6. g3 e5 7. Nf3 h6 8. Nh4 Be6 9. Bg2 Nbd7 10. Nf5 d5 11. 0-0 d4 12. Ne2 g6 13. Nfxd4 exd4 14. Nxd4 Bg7 15. Nxe6 fxe6 16. e5 Nxe5 17. Qe2 Nc6 18. Qxe6+ Qe7 19. Qb3 0-0-0 20. Bf4 g5 21. Bh3+ Nd7 22. Rfe1 Qf6 23. Be3 Qxb2 24. Qf7 Qf6 25. Qb3 Qxa1 26. Rxa1 Bxa1 27. Bb6 Rde8 28. Qd5 Re7 29. Qd6 Rhe8 30. Qc7# 1-0

[Event "Pan American-ch Amateur U2300"]
[Site "San Jose"]
[Date "2019.10.26"]
[Round "6.1"]
[White "Leon Archibaldo, Orlando Andres"]
[Black "Alfaro Caracas, William"]
[Result "1-0"]
[WhiteElo "2220"]
[BlackElo "2103"]
[PlyCount "57"]
[EventDate "2019.10.23"]
[EventType "swiss"]
[EventRounds "9"]
[EventCountry "CRI"]
[SourceTitle "EXT 2021"]
[Source "ChessBase"]
[SourceDate "2020.10.23"]
[SourceVersion "1"]
[SourceVersionDate "2020.10.23"]
[SourceQuality "1"]

1. d4 Nf6 2. Nf3 g6 3. c4 Bg7 4. g3 0-0 5. Bg2 d6 6. 0-0 Nc6 7. Nc3 e5 8. h3 Re8 9. e4 Nxd4 10. Nxd4 exd4 11. Qxd4 Nxe4 12. Qd3 Nxc3 13. bxc3 Qf6 14. Bd2 Bf5 15. Qd5 c6 16. Qa5 Bd3 17. Rfe1 Bxc4 18. Rxe8+ Rxe8 19. Qxa7 Re2 20. Be3 Qxc3 21. Rc1 Re1+ 22. Rxe1 Qxe1+ 23. Kh2 Qb4 24. a3 Qe1 25. Qxb7 c5 26. Qa8+ Bf8 27. Bh6 Qe7 28. a4 d5 29. a5 1-0